The emancipation of South America.

Sparad:
Bibliografiska uppgifter
Huvudupphovsman: Mitre, Bartolome, 1821-1906
Övriga upphovsmän: Pilling, William (tr. and ed.)
Materialtyp: Bok
Språk:English
Spanish
Publicerad: New York, Cooper Square Publishers, 1969.
Serie:Library of Latin American history and culture
Ämnen:
LEADER 01467nam a22003251 4500
001 c000134537
003 CARM
005 00000000000000.0
008 710222r19691893nyu 00010 eng
019 1 |a 9995  |5 LACONCORD2021 
035 |a (OCoLC)452278  |5 LACONCORD2021 
041 1 |a eng  |h spa 
043 |a s------  |a s-ag--- 
050 0 0 |a F2235.4  |b .M683 1969 
082 0 0 |a 980/.02 
100 1 |a Mitre, Bartolome,  |d 1821-1906. 
240 1 0 |a Historia de San Martin y de la emancipacion sudamericana.  |l English 
245 1 4 |a The emancipation of South America.  |c Being a condensed translation by William Pilling of the History of San Martin by Bartolome Mitre. With an introd. by A. Curtis Wilgus. 
260 |a New York,  |b Cooper Square Publishers,  |c 1969. 
300 |a xxviii, 499 p.  |c 22 cm. 
490 0 |a Library of Latin American history and culture 
500 |a Reprint of the 1893 ed. with a new introd. 
500 |a Translation of: Historia de San Martin y de la emancipacion sudamericana. 
600 2 0 |a San Martin, Jose de,  |d 1778-1850. 
651 0 |a South America  |x History  |y Wars of Independence, 1806-1830. 
651 0 |a Argentina  |x History  |y War of Independence, 1810-1817. 
700 1 1 |a Pilling, William,  |e tr. and ed. 
852 8 |b CARM  |h A2:AF23E0  |i B01406  |p 0066359  |f BK 
999 f f |i 45b1f240-2ed3-53ae-8ccd-d5a1ce9b5314  |s 4148c8a5-0701-5189-b892-18991e4f8954 
952 f f |p Can circulate  |a CAVAL  |b CAVAL  |c CAVAL  |d CARM 1 Store  |e B01406  |f A2:AF23E0  |h Other scheme  |i book  |m 0066359